Návrh riešenia okrasnej záhrady rodiného domu

Saved in:
Bibliographic Details
Main Author: Hordósi, Gábor (Author)
Other Authors: Bajtek, Zbyněk (Thesis advisor)
Format: Manuscript Book
Language:Slovak
Published: 2016
Subjects:
Online Access:http://is.stuba.sk/zp/portal_zp.pl?podrobnosti=117566
https://opac.crzp.sk/?fn=detailBiblioForm&sid=FFEED6484134604A3C71AAB88729
Tags: Add Tag
No Tags, Be the first to tag this record!

MARC

LEADER 00000ntm a22000003a 4500
001 stuzp56553
003 SK-STU
005 20230906145120.6
007 ta
008 150427s2015----xo-----f-mn---000-0-slo-d
040 |a STU  |b slo 
041 0 |a slo 
100 1 |a Hordósi, Gábor  |u 010160  |4 aut  |U SvF Stavebná fakulta  |T SvF Katedra vodného hospodárstva krajiny  |X 67523  |U V160  |Y 16  |7 A000067523 
242 0 1 |a Planning an ornamental garden for a family house  |y eng 
245 1 0 |a Návrh riešenia okrasnej záhrady rodiného domu 
260 |c 2016 
650 4 |a návrh okrasnej záhrady  |2 slo 
650 4 |a Google SketchUp  |2 slo 
650 4 |a návrh závlahy  |2 slo 
650 4 |a Land F/X  |2 slo 
650 4 |a vizualizácia  |2 slo 
650 4 |a Land F/X  |2 eng 
650 4 |a visualisation  |2 eng 
650 4 |a Google SketchUp  |2 eng 
650 4 |a irrigation  |2 eng 
650 4 |a planting  |2 eng 
700 1 |a Bajtek, Zbyněk  |u 010160  |k Z2  |4 ths  |U SvF Stavebná fakulta  |T SvF Katedra vodného hospodárstva krajiny  |X 42579  |U V160  |Y 16  |7 A000042579 
856 4 |u http://is.stuba.sk/zp/portal_zp.pl?podrobnosti=117566 
856 4 |u https://opac.crzp.sk/?fn=detailBiblioForm&sid=FFEED6484134604A3C71AAB88729 
SQL |a stuzp56553  |b DDP  |c SLO  |d Návrh riešenia okrasnej záhrady rodiného domu  |e 67523  |f Hordósi, Gábor  |g 010160  |h 42579  |i Bajtek, Zbyněk  |j 20160615  |k 580  |l 01  |m http://is.stuba.sk/zp/portal_zp.pl?podrobnosti=117566  |n I-KKP  |o 6.1.11. krajinárstvo